000 00488nmm a2200157Ia 4500
008 251105s9999||||xx |||||||||||||||||und||
041 _aspa
100 _aAlemany, Carmen
245 0 _aSoy quien soy (Serie Identidades ocultas 1)
264 _a[Madrid, España] :
_bTerciopelo,
_c[Fecha de publicación no identificada]
300 _a0 páginas
490 _aSerie Identidades ocultas
650 _aRomance
856 _uhttps://public.digitaliapublishing.com/a/82222
942 _cCF
999 _c100633
_d100633